Given behavior and subsistence consumption (Record no. 80227)

000 -LEADER
fixed length control field 00411pab a2200169 454500
008 - FIXED-LENGTH DATA ELEMENTS--GENERAL INFORMATION
fixed length control field 180718b2008 xxu||||| |||| 00| 0 eng d
100 ## - MAIN ENTRY--PERSONAL NAME
Personal name Jensen, Robert T.
245 ## - TITLE STATEMENT
Title Given behavior and subsistence consumption
260 ## - PUBLICATION, DISTRIBUTION, ETC.
Date of publication, distribution, etc. 2008
300 ## - PHYSICAL DESCRIPTION
Extent p.1553-577.
362 ## - DATES OF PUBLICATION AND/OR SEQUENTIAL DESIGNATION
Dates of publication and/or sequential designation Sep
650 ## - SUBJECT ADDED ENTRY--TOPICAL TERM
Topical term or geographic name entry element Consumption
700 ## - ADDED ENTRY--PERSONAL NAME
Personal name Miller, Nolan H.
773 ## - HOST ITEM ENTRY
Main entry heading American Economic Review
908 ## - PUT COMMAND PARAMETER (RLIN)
Put command parameter N
909 ## -
-- 80227
Holdings
Withdrawn status Lost status Damaged status Not for loan Permanent Location Current Location Date acquired Serial Enumeration / chronology Barcode Date last seen Price effective from Koha item type
        Indian Institute of Public Administration Indian Institute of Public Administration 2018-07-19 Volume no: 98, Issue no: 4 AR80687 2018-07-19 2018-07-19 Articles

Powered by Koha